00417 2200145 4500001002100000008004100021035002000062245005000082100001700132260004100149300001700190082001100207650004000218990001300258INLIS000000000000686 ind  a0010-0423000686 a123 PRESTASI INDONESIA YANG MENGGUNCANG DUNIA aPENA KREATIV aJAKARTAbLINGKAR PENA KREATIVAc2015 ahlm.c22 cm. a920598 aBIOGRAFI - INDONESIAM (ORANG-ORANG) a102562-1